Código civil y comercial de la nación /
Guardado en:
| Otros Autores: | |
|---|---|
| Formato: | Libro |
| Publicado: |
Buenos Aires :
Erreius,
2017
|
| Materias: | |
| Etiquetas: |
Agregar Etiqueta
Sin Etiquetas, Sea el primero en etiquetar este registro!
|
| LEADER | 00840nam a22002295a 4500 | ||
|---|---|---|---|
| 001 | CEM.cems014895 | ||
| 005 | 20180712163119.0 | ||
| 008 | 130507s2017##################000#0#####d | ||
| 003 | CEMS | ||
| 020 | |a 9789873953811 | ||
| 082 | 0 | 4 | |a 346 |
| 245 | 0 | 0 | |a Código civil y comercial de la nación / |c Compilado Por Ricardo Antonio Parada ; josé Daniel Errecaborde |
| 260 | |a Buenos Aires : |b Erreius, |c 2017 | ||
| 300 | |a 1168 p. | ||
| 500 | |a Palabrsas preliminares de Ricardo L. Lorenzetti.notas introductorias y concordancias de Daniel R. Vítolo | ||
| 653 | |a Argentina- códigos | ||
| 653 | |a Código civil argentino | ||
| 653 | |a Código comercial argentino | ||
| 653 | |a Derecho civil | ||
| 653 | |a Derecho comercial | ||
| 700 | 1 | |a Errecaborde, José Daniel; comp. | |
| 859 | |a CEMS |b BIB. CEMS - 11 de abril |h 346 |i Ar37-11 |p 27495.18 |t Ej.1 |v 2017 |3 2017 | ||
